00990cam a2200241 a 450000100100000000500170001000800410002704000250006808200200009310000330011324500710014626000590021730000200027649000230029665000360031965000370035565000300039270000400042283000310046295201170049395201230061099900150073300000613120200929151937.0830726s1982 pr 001 p spa  aDO-SdBNPbspadBNPHU aPR861.44bD793c1 aDroz, Vanessa,d1952-91725410aLa cicatriz a medias /cVanessa Droz ; editor Francisco Vázquez. aRio Piedras, Puerto Rico :bEditorial Cultural,c1982. a80 p. ;c18 cm.1 aEl trabajo gustoso 4aPoesía puertorriqueña91015 4aLiteratura puertorriqueña9250 4aPayasosxPoesías9172551 aVázquez, Franciscoeeditor917256 0aEl trabajo gustoso.917257 001050718MOaGRbGRcHDd2009-08-26iLF1l0oPR861.44 D793cp6131-10r2020-06-25w2020-06-25y1ZNo se presta 001150718MOaGRbGRcMId2017-05-26iLF1l0oPR861.44 D793cp6131-20r2020-06-25te. 2w2020-06-25y1ZNo se presta c5927d5927